<?xml version="1.0" encoding="UTF-8"?>
<record
    xmlns:xsi="http://www.w3.org/2001/XMLSchema-instance"
    xsi:schemaLocation="http://www.loc.gov/MARC21/slim http://www.loc.gov/standards/marcxml/schema/MARC21slim.xsd"
    xmlns="http://www.loc.gov/MARC21/slim">

  <leader>01718nam a2200313 i 4500</leader>
  <controlfield tag="003">DO-SdBPM</controlfield>
  <controlfield tag="005">20260225105558.0</controlfield>
  <controlfield tag="007">ta</controlfield>
  <controlfield tag="008">210422b2021    dr ac||| |||| 00| 0 spa d</controlfield>
  <datafield tag="020" ind1=" " ind2="4">
    <subfield code="a">9789993431589</subfield>
  </datafield>
  <datafield tag="040" ind1=" " ind2=" ">
    <subfield code="a">DO-SdBPM</subfield>
    <subfield code="b">spa</subfield>
    <subfield code="c">BPMSU </subfield>
    <subfield code="e">rda</subfield>
  </datafield>
  <datafield tag="041" ind1=" " ind2=" ">
    <subfield code="h">spa</subfield>
  </datafield>
  <datafield tag="082" ind1="0" ind2="4">
    <subfield code="a">920.2</subfield>
    <subfield code="b">B582d  2021</subfield>
    <subfield code="2">22</subfield>
  </datafield>
  <datafield tag="245" ind1="0" ind2="0">
    <subfield code="a">Biblioteca Nacional Pedro Henr&#xED;quez Ure&#xF1;a : </subfield>
    <subfield code="b">directores (1971-2021) /</subfield>
    <subfield code="c">compilador, Ram&#xF3;n Saba</subfield>
  </datafield>
  <datafield tag="264" ind1=" " ind2="4">
    <subfield code="a">Santo Domingo :</subfield>
    <subfield code="b">Biblioteca Nacional Pedro Henr&#xED;quez Ure&#xF1;a (BNPHU),</subfield>
    <subfield code="c">&#xA9;2021.</subfield>
  </datafield>
  <datafield tag="300" ind1=" " ind2=" ">
    <subfield code="a">79 p&#xE1;ginas :</subfield>
    <subfield code="b">ilustraciones ; retratos ;               </subfield>
    <subfield code="c">24 cm.</subfield>
  </datafield>
  <datafield tag="336" ind1=" " ind2=" ">
    <subfield code="a">texto</subfield>
    <subfield code="b">txt</subfield>
    <subfield code="2">rdacontent</subfield>
  </datafield>
  <datafield tag="337" ind1=" " ind2=" ">
    <subfield code="a">sin mediaci&#xF3;n</subfield>
    <subfield code="b">n</subfield>
    <subfield code="2">sin mediaci&#xF3;n</subfield>
  </datafield>
  <datafield tag="338" ind1=" " ind2=" ">
    <subfield code="a">volumen</subfield>
    <subfield code="b">nc</subfield>
    <subfield code="2">rdacarrier</subfield>
  </datafield>
  <datafield tag="490" ind1="0" ind2=" ">
    <subfield code="a">Colecci&#xF3;n de la Biblioteca Nacional Pedro Henr&#xED;quez Ure&#xF1;a</subfield>
  </datafield>
  <datafield tag="505" ind1="0" ind2=" ">
    <subfield code="a">Medio siglo. Rafael Peralta Romero --</subfield>
    <subfield code="t">Pedro Ren&#xE9; Cont&#xED;n Aybar --</subfield>
    <subfield code="t">Anaibon&#xED; Guerrero B&#xE1;ez --</subfield>
    <subfield code="t">Pedro Gil Iturbides --</subfield>
    <subfield code="t">Tom&#xE1;s B&#xE1;ez D&#xED;az --</subfield>
    <subfield code="t">Pedro B.  Purcell Pe&#xF1;a --</subfield>
    <subfield code="t">Tony Raful Tejada --</subfield>
    <subfield code="t"> Pedro Fern&#xE1;ndez Pellerano (Pedro Peix) --</subfield>
    <subfield code="t">Nolberto Luis Soto --</subfield>
    <subfield code="t">C&#xE1;ndido Ger&#xF3;n --</subfield>
    <subfield code="t">C&#xE9;sar A. Herrera Cabral --</subfield>
    <subfield code="t">Antonio Fern&#xE1;ndez Spencer --</subfield>
    <subfield code="t">&#xC9;lida Jim&#xE9;nez Victorio --</subfield>
    <subfield code="t">Di&#xF3;medes N&#xFA;&#xF1;ez Polanco --</subfield>
    <subfield code="t">Andr&#xE9;s L. Mateo --</subfield>
    <subfield code="t">Di&#xF3;genes C&#xE9;spedes --</subfield>
    <subfield code="t">Rafael Peralta Romero --</subfield>
    <subfield code="t">Datos hist&#xF3;ricos por Di&#xF3;genes Valdez.</subfield>
  </datafield>
  <datafield tag="590" ind1=" " ind2=" ">
    <subfield code="a">Inventariado, 2026 / VM</subfield>
  </datafield>
  <datafield tag="650" ind1=" " ind2="7">
    <subfield code="a">Directores de bibliotecas</subfield>
    <subfield code="z">Rep&#xFA;blica Dominicana</subfield>
    <subfield code="y">1971-2021</subfield>
    <subfield code="v">Biograf&#xED;as</subfield>
  </datafield>
  <datafield tag="650" ind1=" " ind2="7">
    <subfield code="a">Bibliotecas nacionales</subfield>
    <subfield code="x">Administraci&#xF3;n</subfield>
    <subfield code="y">1971-2021</subfield>
  </datafield>
  <datafield tag="700" ind1="1" ind2=" ">
    <subfield code="a">Saba, Ram&#xF3;n,</subfield>
    <subfield code="d">1948-</subfield>
    <subfield code="e">compilador</subfield>
    <subfield code="4">comp.</subfield>
  </datafield>
  <datafield tag="710" ind1="2" ind2=" ">
    <subfield code="a">Biblioteca Nacional Pedro Henr&#xED;quez Ure&#xF1;a </subfield>
  </datafield>
  <datafield tag="910" ind1=" " ind2=" ">
    <subfield code="a">VMateo V. Control de calidad BPMSU</subfield>
  </datafield>
  <datafield tag="942" ind1=" " ind2=" ">
    <subfield code="2">ddc</subfield>
    <subfield code="c">BK</subfield>
  </datafield>
  <datafield tag="952" ind1=" " ind2=" ">
    <subfield code="0">0</subfield>
    <subfield code="1">0</subfield>
    <subfield code="2">ddc</subfield>
    <subfield code="4">0</subfield>
    <subfield code="7">0</subfield>
    <subfield code="8">CD</subfield>
    <subfield code="a">BPMET</subfield>
    <subfield code="b">BPMET</subfield>
    <subfield code="d">2026-02-25</subfield>
    <subfield code="l">0</subfield>
    <subfield code="o">BPMSU CDR R920.2 B582d  2021</subfield>
    <subfield code="p">BPMSU26020137</subfield>
    <subfield code="r">2026-02-25</subfield>
    <subfield code="w">2026-02-25</subfield>
    <subfield code="y">BK</subfield>
  </datafield>
  <datafield tag="999" ind1=" " ind2=" ">
    <subfield code="c">15734</subfield>
    <subfield code="d">15734</subfield>
  </datafield>
</record>
